Stanovenie odozvy in-core detektora pre reaktor VVER-440 metódou Monte Carlo

Saved in:
Bibliographic Details
Main Author: Borošová, Nina (Author)
Other Authors: Farkas, Gabriel (Thesis advisor)
Format: Manuscript Book
Language:Slovak
Published: Bratislava : STU v Bratislave FEI, 2025
Subjects:
Online Access:https://opac.crzp.sk/?fn=detailBiblioFormChildG12K8LN&sid=BA75C2D62745AD572EE4919ED92F&seo=CRZP-detail-kniha
Tags: Add Tag
No Tags, Be the first to tag this record!

MARC

LEADER 00000ntm a22000003a 4500
001 stuzp106748
003 SK-STU
005 20260203123045.6
007 ta
008 150427s2015----xo-----f-mn---000-0-slo-d
040 |a STU  |b slo 
041 0 |a slo 
044 |a xo 
100 1 |a Borošová, Nina  |u 036000  |4 aut  |U FEI Fakulta elektrotechniky a informatiky  |T FEI Ústav jadrového a fyzikálneho inžinierstva  |X 117320  |U E060  |Y 817  |7 117320 
242 0 1 |a Determination of In-core Detector Response for VVER-440 Reactor by Monte Carlo Method  |y eng 
245 1 0 |a Stanovenie odozvy in-core detektora pre reaktor VVER-440 metódou Monte Carlo 
260 |a Bratislava :  |b STU v Bratislave FEI,  |c 2025 
300 |a 52 s. 
650 4 |a Samonapájacie neutrónové detektory  |2 slo 
650 4 |a SPND  |2 slo 
650 4 |a Systém vnútroreaktorovej kontroly  |2 slo 
650 4 |a VVER-440  |2 slo 
650 4 |a Monte Carlo  |2 slo 
650 4 |a MCNP  |2 slo 
650 4 |a Monte Carlo  |2 eng 
650 4 |a MCNP  |2 eng 
650 4 |a VVER-440  |2 eng 
650 4 |a SPND  |2 eng 
650 4 |a In-core monitoring system  |2 eng 
650 4 |a Self-powered neutron detectors  |2 eng 
700 1 |a Farkas, Gabriel  |u 036000  |k Z1  |4 ths  |U FEI Fakulta elektrotechniky a informatiky  |T FEI Ústav jadrového a fyzikálneho inžinierstva  |X 1891  |U E060  |Y 817  |7 A000001891 
856 4 |u https://opac.crzp.sk/?fn=detailBiblioFormChildG12K8LN&sid=BA75C2D62745AD572EE4919ED92F&seo=CRZP-detail-kniha